| 000 | 00492cam a2200181ua 4500 | ||
|---|---|---|---|
| 001 | 6292 | ||
| 005 | 20260515114027.0 | ||
| 008 | 131128n ii |||gr||||Z||||||eng | ||
| 040 | _cMAIN | ||
| 082 | _a651 | ||
| 245 | 1 | 1 |
_aTextbook of secretarial practice _cBy Ashok K. bagrial |
| 260 |
_aNew delhi: _bvikas publishing house pvt ltd, _c1985. |
||
| 300 | _axxii,334p. | ||
| 653 | _aCommerce | ||
| 653 | _aTextbook of secretarial practice | ||
| 700 | 1 |
_aBagrial,Ashok k., _eAuthor., |
|
| 942 | _cBK | ||
| 999 |
_c5439 _d5439 |
||